The Mediterranean response to globalization before 1950

Bibliographic Details
Corporate Author: ProQuest (Firm)
Other Authors: Pamuk, Sevket., Williamson, Jeffrey G., 1935-
Format: Electronic eBook
Language:English
Published: London ; New York : Routledge, 2000.
Series:Routledge explorations in economic history ; 18.
Subjects:
Online Access:Click to View
LEADER 01626nam a2200421Ia 4500
001 EBC170486
003 MiAaPQ
005 20200520144314.0
006 m o d |
007 cr cn|||||||||
008 991014s2000 enka sb 001 0 eng d
010 |z  99053473  
020 |z 0203464753 
020 |z 041522425X (alk. paper) 
035 |a (MiAaPQ)EBC170486 
035 |a (Au-PeEL)EBL170486 
035 |a (CaPaEBR)ebr10054158 
035 |a (CaONFJC)MIL40365 
035 |a (OCoLC)559984883 
040 |a MiAaPQ  |c MiAaPQ  |d MiAaPQ 
050 4 |a HC244.5  |b .M413 2000 
082 0 4 |a 338.91/09182/2  |2 21 
245 0 4 |a The Mediterranean response to globalization before 1950  |h [electronic resource] /  |c edited by Sevket Pamuk and Jeffrey G. Williamson. 
260 |a London ;  |a New York :  |b Routledge,  |c 2000. 
300 |a xvi, 430 p. :  |b ill. 
490 1 |a Routledge explorations in economic history ;  |v 18 
504 |a Includes bibliographical references (p. [381]-416) and index. 
533 |a Electronic reproduction. Ann Arbor, MI : ProQuest, 2015. Available via World Wide Web. Access may be limited to ProQuest affiliated libraries. 
650 0 |a Globalization. 
650 0 |a International trade. 
651 0 |a Mediterranean Region  |x Economic conditions. 
651 0 |a Mediterranean Region  |x Economic policy. 
655 4 |a Electronic books. 
700 1 |a Pamuk, Sevket. 
700 1 |a Williamson, Jeffrey G.,  |d 1935- 
710 2 |a ProQuest (Firm) 
830 0 |a Routledge explorations in economic history ;  |v 18. 
856 4 0 |u https://ebookcentral.proquest.com/lib/matrademy/detail.action?docID=170486  |z Click to View